[Event "DEM U10/U10w 2014"]
[Site "Magdeburg GER"]
[Date "2014.06.13"]
[Round "9"]
[White "Schade, Johannes"]
[Black "Kosev, Momchil"]
[Result "1/2-1/2"]
[Termination "normal"]
[Board "16"]
[WhiteElo "1304"]
[BlackElo "1483"]
[PlyCount "67"]
[WhiteFideId "12958581"]
[BlackFideId "12975982"]
[EventCountry "GER"]
[EventRounds "11"]
[EventType "swiss"]
[EventDate "2014.06.07"]

1. d4 Nf6 2. c4 g6 3. Nc3 Bg7 4. e4 d6 5. f3 O-O 6. Be3 Nbd7 7. Bd3 e5 8. d5 a5
9. Nge2 b6 10. h4 Nc5 11. Bc2 Ba6 12. b3 Qe7 13. Qd2 Rfb8 14. a4 Bb7 15. g4
Nfd7 16. h5 Nf6 17. O-O-O Bc8 18. Rdg1 Bd7 19. Ng3 c6 20. Bh6 Bh8 21. Be3 Bg7
22. g5 Ne8 23. hxg6 fxg6 24. f4 exf4 25. Bxf4 Be5 26. Be3 Qg7 27. Nge2 Nc7 28.
Nd4 Ne8 29. Nce2 Rc8 30. Rf1 Rab8 31. Rf2 cxd5 32. exd5 Nc7 33. Rhf1 Rf8 34.
Rxf8+ 1/2-1/2

[Event "DEM U10/U10w 2014"]
[Site "Magdeburg GER"]
[Date "2014.06.13"]
[Round "9"]
[White "Lohr, Maximilian"]
[Black "Meinschien, Finn"]
[Result "0-1"]
[Termination "normal"]
[Board "17"]
[WhiteElo "1420"]
[BlackElo "1300"]
[PlyCount "106"]
[WhiteFideId "12999717"]
[BlackFideId "12989665"]
[EventCountry "GER"]
[EventRounds "11"]
[EventType "swiss"]
[EventDate "2014.06.07"]

1. e4 e5 2. Nc3 Nf6 3. f4 d6 4. Nf3 Nc6 5. Bc4 exf4 6. d4 g6 7. Ng5 Be6 8. Nxe6
fxe6 9. Bxe6 Qe7 10. d5 Nd8 11. Bxf4 Nxe6 12. dxe6 Qxe6 13. Qd3 O-O-O 14. O-O-O
Bg7 15. h3 Rhf8 16. Rhf1 Rde8 17. Rde1 Nd7 18. a3 a6 19. Kb1 Kb8 20. Nd5 Nf6
21. Qc4 Nxd5 22. exd5 Qxe1+ 23. Rxe1 Rxe1+ 24. Ka2 Rfe8 25. Bd2 R1e2 26. Ba5 b6
27. Bb4 a5 28. Bc3 Bxc3 29. Qxc3 Rxg2 30. Kb3 Ree2 31. Qh8+ Kb7 32. Qc3 Rxc2
33. Qxc2 Rxc2 34. Kxc2 g5 35. a4 h5 36. Kd3 g4 37. hxg4 hxg4 38. Ke3 Ka6 39.
Kf4 b5 40. b3 bxa4 41. bxa4 Kb6 42. Kxg4 Kc5 43. Kf4 Kxd5 44. Ke3 Kc4 45. Kd2
Kb3 46. Kc1 Kxa4 47. Kb2 d5 48. Kc3 Ka3 49. Kc2 d4 50. Kc1 d3 51. Kb1 d2 52.
Kc2 d1=Q+ 53. Kxd1 Kb2 0-1

[Event "DEM U10/U10w 2014"]
[Site "Magdeburg GER"]
[Date "2014.06.13"]
[Round "9"]
[White "Pauls, Fynn"]
[Black "Ackermann, Richard"]
[Result "1-0"]
[Termination "normal"]
[Board "19"]
[WhiteElo "1382"]
[BlackElo "1239"]
[PlyCount "181"]
[WhiteFideId "16213149"]
[BlackFideId "12987026"]
[EventCountry "GER"]
[EventRounds "11"]
[EventType "swiss"]
[EventDate "2014.06.07"]

1. d4 d5 2. c4 e6 3. Nc3 Nf6 4. Nf3 Nbd7 5. e3 c6 6. Bd2 Bd6 7. Bd3 O-O 8. O-O
b6 9. cxd5 cxd5 10. Rc1 Bb7 11. Nb5 Ba6 12. Qe2 Be7 13. Nc7 Bxd3 14. Qxd3 Rc8
15. Nb5 a6 16. Nc3 b5 17. Ne2 Ne4 18. Ng3 Ndf6 19. Rxc8 Qxc8 20. Rc1 Qb7 21.
Qc2 h5 22. Be1 h4 23. Nxh4 Nd6 24. Qc7 Qxc7 25. Rxc7 Bd8 26. Rc6 Nfe4 27. Nf3
a5 28. Nd2 Nxd2 29. Bxd2 Nc4 30. Bc3 b4 31. b3 Nxe3 32. fxe3 bxc3 33. Rxc3 f6
34. Rc8 e5 35. Kf2 exd4 36. exd4 f5 37. Ke2 f4 38. Nf1 Re8+ 39. Kd3 Kf7 40. a4
Ke7 41. Rc2 Kd6 42. Re2 Be7 43. h3 Rf8 44. Rf2 Bh4 45. Rf3 Be7 46. Nh2 Bh4 47.
Ng4 g5 48. Ne5 Rb8 49. Kc2 Rb4 50. Rd3 Bf2 51. Nf3 Bh4 52. Nxh4 gxh4 53. Kc3
Ke6 54. Rd2 Kf5 55. Re2 f3 56. Re5+ Kf4 57. gxf3 Kxf3 58. Rxd5 Ke4 59. Re5+ Kf4
60. Rxa5 Rb8 61. b4 Kg3 62. Rb5 Rc8+ 63. Rc5 Rg8 64. b5 Kxh3 65. b6 Kg2 66. b7
h3 67. Rc8 Rg3+ 68. Kc4 h2 69. Rh8 Rh3 70. Rg8+ Kf2 71. Rf8+ Kg2 72. b8=Q h1=Q
73. Qb7+ Kg1 74. Qg7+ Qg2 75. Qxg2+ Kxg2 76. Rf4 Kg3 77. Re4 Kf3 78. Kd5 Rh5+
79. Re5 Rh8 80. Ke6 Ra8 81. d5 Re8+ 82. Kd6 Ra8 83. Ke7 Kf4 84. Re6 Rxa4 85. d6
Kf5 86. d7 Ra7 87. Rc6 Ke5 88. Ke8 Kd5 89. Rc8 Ke6 90. d8=Q Rh7 91. Rc6+ 1-0

[Event "DEM U10/U10w 2014"]
[Site "Magdeburg GER"]
[Date "2014.06.13"]
[Round "9"]
[White "Sulayev, Daniel"]
[Black "Bardorz, Jana"]
[Result "1-0"]
[Termination "normal"]
[Board "20"]
[WhiteElo "1584"]
[BlackElo "1175"]
[PlyCount "115"]
[WhiteFideId "12977675"]
[BlackFideId "16208897"]
[EventCountry "GER"]
[EventRounds "11"]
[EventType "swiss"]
[EventDate "2014.06.07"]

1. e4 e5 2. Nf3 Nc6 3. Bc4 Nf6 4. d4 exd4 5. O-O Nxe4 6. Re1 d5 7. Bxd5 Qxd5 8.
Nc3 Qa5 9. Nxe4 Be6 10. Neg5 O-O-O 11. Nxe6 fxe6 12. Rxe6 Be7 13. Qe2 Bc5 14.
Bd2 Bb4 15. Bxb4 Qxb4 16. Rb1 h6 17. a3 Qb6 18. Ne5 Nxe5 19. Rxb6 axb6 20. Qxe5
Rhe8 21. Qxg7 Rd6 22. Kf1 c5 23. Re1 Red8 24. Re7 R6d7 25. Rxd7 Rxd7 26. Qxh6
Kc7 27. Ke2 c4 28. g4 d3+ 29. cxd3 cxd3+ 30. Kd2 Rf7 31. f4 Kd7 32. Kxd3 Ke8
33. Qe6+ Kf8 34. Qxf7+ Kxf7 35. Kc4 Ke6 36. h4 Kf6 37. Kb5 Ke6 38. h5 Kf6 39.
Kxb6 Kg7 40. g5 Kf7 41. f5 Kg7 42. Kxb7 Kf7 43. h6 Kg8 44. g6 Kh8 45. f6 Kg8
46. f7+ Kf8 47. b4 Ke7 48. h7 Kf6 49. h8=Q+ Kxg6 50. f8=N+ Kf7 51. Nd7 Ke6 52.
Kc6 Kf5 53. Qe5+ Kg6 54. Qf4 Kg7 55. Qf6+ Kg8 56. Ne5 Kh7 57. Qg6+ Kh8 58. Nf7#
1-0

[Event "DEM U10/U10w 2014"]
[Site "Magdeburg GER"]
[Date "2014.06.13"]
[Round "9"]
[White "Taras, Simon"]
[Black "Khamenya, Vitalia"]
[Result "0-1"]
[Termination "normal"]
[Board "21"]
[WhiteElo "1319"]
[BlackElo "1230"]
[PlyCount "80"]
[WhiteFideId "12970972"]
[BlackFideId "12959260"]
[EventCountry "GER"]
[EventRounds "11"]
[EventType "swiss"]
[EventDate "2014.06.07"]

1. Nf3 Nc6 2. d4 d5 3. c4 e6 4. g3 Be7 5. Bg2 Nf6 6. Bg5 O-O 7. O-O Re8 8. Nc3
h6 9. Bxf6 Bxf6 10. e3 b6 11. cxd5 exd5 12. Nxd5 Bg4 13. Qc2 Na5 14. Nxf6+ Qxf6
15. Ne5 Bf5 16. Qa4 Rad8 17. b4 Nc4 18. Nxc4 Bd3 19. Rfc1 a5 20. Rc3 Bf5 21.
Ne5 axb4 22. Qxb4 c5 23. dxc5 Qxe5 24. Rac1 bxc5 25. Qxc5 Qf6 26. a4 Rc8 27.
Qa3 Rb8 28. Rc6 Qd8 29. Qa2 Be6 30. Qc2 Qa5 31. Rc5 Qd8 32. Rd1 Qf6 33. Rb5
Rbc8 34. Rc5 Rb8 35. Rb1 Rbd8 36. Qc3 Qe7 37. a5 Qa7 38. Rc7 Qa6 39. Rb6 Rd1+
40. Bf1 Qxf1# 0-1

[Event "DEM U10/U10w 2014"]
[Site "Magdeburg GER"]
[Date "2014.06.13"]
[Round "9"]
[White "Mailitis, Ricardo"]
[Black "Bergauz, Igal"]
[Result "0-1"]
[Termination "normal"]
[Board "22"]
[WhiteElo "1205"]
[BlackElo "1783"]
[PlyCount "78"]
[WhiteFideId "12977535"]
[BlackFideId "12977284"]
[EventCountry "GER"]
[EventRounds "11"]
[EventType "swiss"]
[EventDate "2014.06.07"]

1. e4 c6 2. c4 d5 3. exd5 cxd5 4. cxd5 Nf6 5. Qa4+ Nbd7 6. Bc4 a6 7. Nc3 g6 8.
Nf3 Bg7 9. d3 O-O 10. O-O Nc5 11. Qa3 b6 12. Na4 Nxa4 13. Qxa4 Bb7 14. Qa3 Nxd5
15. Re1 e6 16. Bg5 Qd7 17. Rac1 b5 18. Bxd5 Qxd5 19. h3 Rac8 20. b3 Qxd3 21.
Re3 Rxc1+ 22. Qxc1 Qf5 23. Rc3 Bxc3 24. Qxc3 f6 25. Bh6 Rf7 26. Qd2 Qd5 27. Qc2
Rd7 28. Qb2 e5 29. Qa3 Qd6 30. Qb2 Qc7 31. Qe2 Qd6 32. Kh2 e4+ 33. g3 Qd3 34.
Qxd3 exd3 35. Nd2 Rc7 36. Nb1 Rc2 37. a3 Rxf2+ 38. Kg1 Ra2 39. Kf1 Ra1 0-1

[Event "DEM U10/U10w 2014"]
[Site "Magdeburg GER"]
[Date "2014.06.13"]
[Round "9"]
[White "Ziegenfuß, Antonia"]
[Black "Kunisch, Nina"]
[Result "1-0"]
[Termination "normal"]
[Board "23"]
[WhiteElo "1705"]
[BlackElo "1201"]
[PlyCount "79"]
[WhiteFideId "12962554"]
[BlackFideId "12982849"]
[EventCountry "GER"]
[EventRounds "11"]
[EventType "swiss"]
[EventDate "2014.06.07"]

1. e4 e6 2. d4 d5 3. e5 c5 4. c3 Nc6 5. Nf3 Qb6 6. a3 a5 7. b3 Bd7 8. Be2 Nh6
9. Bxh6 gxh6 10. O-O Rg8 11. Kh1 Be7 12. a4 cxd4 13. cxd4 Nb4 14. Nc3 Nc6 15.
Rc1 Bg5 16. Nxg5 Rxg5 17. Nb5 Ke7 18. h4 Rg7 19. Bh5 Rag8 20. Qf3 Nxd4 21. Qe3
Bxb5 22. axb5 Rxg2 23. Rcd1 Qxb5 24. Qxd4 Qxb3 25. Qc5+ Kd7 26. Qd6+ Ke8 27.
Qb8+ Kd7 28. Qd6+ Ke8 29. Qxe6+ Kd8 30. Rxd5+ Kc7 31. Rd7+ Kc8 32. Qxb3 Kxd7
33. Qxb7+ Ke6 34. Bxf7+ Kxe5 35. Bxg8 Rxg8 36. Re1+ Kf4 37. Qf7+ Kg4 38. Rg1+
Kxh4 39. Qf4+ Kh5 40. Qh2# 1-0

[Event "DEM U10/U10w 2014"]
[Site "Magdeburg GER"]
[Date "2014.06.13"]
[Round "9"]
[White "Wu, Luka"]
[Black "Rudolph, Eva"]
[Result "1-0"]
[Termination "normal"]
[Board "24"]
[WhiteElo "1433"]
[BlackElo "1129"]
[PlyCount "77"]
[WhiteFideId "12977420"]
[BlackFideId "16200594"]
[EventCountry "GER"]
[EventRounds "11"]
[EventType "swiss"]
[EventDate "2014.06.07"]

1. e4 e5 2. Nf3 d6 3. d4 exd4 4. Nxd4 Nf6 5. f3 Be7 6. c4 O-O 7. Nc3 c6 8. Be3
a5 9. Qd2 Na6 10. Be2 Nc5 11. O-O d5 12. exd5 cxd5 13. Rad1 Re8 14. Bf2 dxc4
15. Bxc4 Bd6 16. Ndb5 Qe7 17. Nxd6 Rd8 18. Bxc5 Qc7 19. Bxf7+ Qxf7 20. Nxf7
Rxd2 21. Rxd2 Kxf7 22. Re1 Be6 23. Ne4 Nxe4 24. Rxe4 Bxa2 25. Re7+ Kf6 26. Rdd7
Rc8 27. Rc7 Rd8 28. Rxg7 Rd1+ 29. Kf2 Rd2+ 30. Ke3 Rxb2 31. Bd4+ Ke6 32. Bxb2
b5 33. Rxh7 Kd5 34. Rh5+ Kd6 35. Ra7 a4 36. Ra6+ Kc7 37. Rh7+ Kb8 38. Be5+ Kc8
39. Ra8# 1-0

[Event "DEM U10/U10w 2014"]
[Site "Magdeburg GER"]
[Date "2014.06.13"]
[Round "9"]
[White "Gericke, Luis"]
[Black "Schnabel, Luise"]
[Result "1-0"]
[Termination "normal"]
[Board "25"]
[WhiteElo "1161"]
[BlackElo "1369"]
[PlyCount "125"]
[WhiteFideId "16212525"]
[BlackFideId "12943347"]
[EventCountry "GER"]
[EventRounds "11"]
[EventType "swiss"]
[EventDate "2014.06.07"]

1. e4 e5 2. Nf3 Nc6 3. Bb5 Nd4 4. Nxd4 exd4 5. O-O c6 6. Bc4 a5 7. a3 Be7 8.
Qf3 f6 9. d3 b5 10. Ba2 d6 11. c3 dxc3 12. Nxc3 Bd7 13. Qd1 a4 14. b3 Qa5 15.
Bd2 Qa6 16. Qc2 Nh6 17. Rfd1 Ng4 18. h3 Ne5 19. d4 axb3 20. Bxb3 Nc4 21. Bxc4
bxc4 22. Rdb1 O-O 23. d5 f5 24. dxc6 Qxc6 25. Nd5 Bf6 26. Nxf6+ Rxf6 27. Re1
fxe4 28. Qxe4 Qxe4 29. Rxe4 d5 30. Rd4 Be6 31. Rf4 Rxf4 32. Bxf4 d4 33. Be5 d3
34. Bc3 Kf7 35. Kh2 Rb8 36. Bb4 Kf6 37. f4 Kf5 38. Re1 Re8 39. Bd2 Bf7 40. g4+
Kg6 41. f5+ Kf6 42. Bc3+ Kg5 43. Kg3 h5 44. Bd2+ Kf6 45. Bc3+ Kg5 46. h4+ Kh6
47. g5+ Kh7 48. g6+ Kg8 49. gxf7+ Kxf7 50. Rxe8 Kxe8 51. a4 Kd7 52. Kf4 Kd6 53.
Kg5 Kd5 54. Kg6 Ke4 55. Kxg7 Ke3 56. f6 d2 57. Bxd2+ Kxd2 58. f7 c3 59. f8=Q c2
60. Qf4+ Kd1 61. a5 c1=Q 62. Qxc1+ Kxc1 63. a6 1-0

[Event "DEM U10/U10w 2014"]
[Site "Magdeburg GER"]
[Date "2014.06.13"]
[Round "9"]
[White "Prieb, Robert"]
[Black "Zeuner, Ole"]
[Result "0-1"]
[Termination "normal"]
[Board "26"]
[WhiteElo "1260"]
[BlackElo "1154"]
[PlyCount "64"]
[WhiteFideId "16212002"]
[BlackFideId "12943576"]
[EventCountry "GER"]
[EventRounds "11"]
[EventType "swiss"]
[EventDate "2014.06.07"]

1. d4 Nf6 2. Nf3 c5 3. c3 cxd4 4. cxd4 g6 5. g3 Bg7 6. Bg2 O-O 7. O-O d6 8. Nc3
Nc6 9. d5 Nb4 10. a3 Na6 11. b4 Bd7 12. Bb2 Ne4 13. Qc2 Nxc3 14. Bxc3 Rc8 15.
Rac1 Rxc3 16. Qa2 Qc7 17. Rxc3 Qxc3 18. Rb1 Bf5 19. Re1 Qc2 20. Qxc2 Bxc2 21.
e4 Be5 22. b5 Nb8 23. Nxe5 dxe5 24. Rc1 Ba4 25. Rc7 Bxb5 26. Rxb7 Bd7 27. Rxa7
Rc8 28. Ra8 Rc1+ 29. Bf1 Bh3 30. Rxb8+ Kg7 31. Rg8+ Kxg8 32. d6 Rxf1# 0-1

[Event "DEM U10/U10w 2014"]
[Site "Magdeburg GER"]
[Date "2014.06.13"]
[Round "9"]
[White "Doan, Lam Phuc"]
[Black "Muths, Lukas"]
[Result "0-1"]
[Termination "normal"]
[Board "27"]
[WhiteElo "1145"]
[BlackElo "1248"]
[PlyCount "102"]
[BlackFideId "12953156"]
[EventCountry "GER"]
[EventRounds "11"]
[EventType "swiss"]
[EventDate "2014.06.07"]

1. c4 e5 2. g3 Nf6 3. Bg2 d5 4. d4 dxc4 5. Qa4+ Qd7 6. Qxc4 exd4 7. Nf3 Nc6 8.
O-O Be7 9. Rd1 Qe6 10. Qxe6 Bxe6 11. Bf4 Nd5 12. Be5 Nxe5 13. Nxe5 Bf6 14. Nf3
d3 15. Rd2 dxe2 16. Rxe2 O-O 17. Na3 Rfd8 18. Rc1 c6 19. b3 Nc3 20. Re3 Nxa2
21. Rc2 Nb4 22. Rce2 Rd1+ 23. Re1 Rad8 24. Kf1 Bb2 25. Rxd1 Rxd1+ 26. Ke2 Rc1
27. Nc4 Bf6 28. Bh3 Nd5 29. Kd2 Nxe3 30. Kxc1 Nxc4 31. Bxe6 fxe6 32. bxc4 Kf7
33. Kc2 a6 34. Kb3 Ke7 35. h3 Kd6 36. g4 h6 37. Kc2 Kc5 38. Kd3 Kb4 39. Nd2 a5
40. f3 a4 41. Kc2 a3 42. Kb1 Bc3 43. Ne4 Kxc4 44. Nxc3 Kxc3 45. Ka2 Kb4 46. f4
c5 47. h4 c4 48. h5 c3 49. g5 c2 50. f5 c1=Q 51. g6 Qb2# 0-1

[Event "DEM U10/U10w 2014"]
[Site "Magdeburg GER"]
[Date "2014.06.13"]
[Round "9"]
[White "Popist, Florian"]
[Black "Eschner, Fabian"]
[Result "1-0"]
[Termination "normal"]
[Board "28"]
[WhiteElo "1245"]
[BlackElo "1018"]
[PlyCount "63"]
[WhiteFideId "16203518"]
[BlackFideId "16232860"]
[EventCountry "GER"]
[EventRounds "11"]
[EventType "swiss"]
[EventDate "2014.06.07"]

1. e4 c5 2. Nf3 Nc6 3. d4 cxd4 4. Nxd4 g6 5. c4 Bg7 6. Be3 Nf6 7. f3 d6 8. Nc3
Bd7 9. Be2 a6 10. Qd2 Nxd4 11. Bxd4 O-O 12. O-O Re8 13. Nd5 Bc6 14. Bb6 Qd7 15.
Nc7 Rac8 16. Nxe8 Rxe8 17. Rfd1 Qe6 18. Bd4 Rd8 19. Qe3 Rd7 20. e5 dxe5 21.
Bxe5 Rxd1+ 22. Rxd1 b5 23. Rd8+ Be8 24. Qd4 Kf8 25. cxb5 axb5 26. Bxb5 Qxa2 27.
Bxe8 Qb1+ 28. Kf2 Qc2+ 29. Kg3 Nh5+ 30. Kh3 Nf4+ 31. Qxf4 f6 32. Bxg6# 1-0

[Event "DEM U10/U10w 2014"]
[Site "Magdeburg GER"]
[Date "2014.06.13"]
[Round "9"]
[White "Krause, Marc"]
[Black "Schmidtmann, Samantha"]
[Result "1/2-1/2"]
[Termination "normal"]
[Board "29"]
[WhiteElo "1083"]
[BlackElo "1403"]
[PlyCount "47"]
[WhiteFideId "12985724"]
[BlackFideId "12956759"]
[EventCountry "GER"]
[EventRounds "11"]
[EventType "swiss"]
[EventDate "2014.06.07"]

1. Nf3 Nf6 2. c4 g6 3. Nc3 Bg7 4. d4 O-O 5. e4 d6 6. Be2 e5 7. d5 a5 8. O-O Na6
9. Be3 Nd7 10. a3 f5 11. b4 f4 12. Bd2 b6 13. Nb5 axb4 14. axb4 Bb7 15. Qb3 g5
16. h3 h6 17. Nh2 Nf6 18. Nc3 Qe8 19. Ng4 Qg6 20. Nxf6+ Rxf6 21. Bg4 Kh8 22.
Bf5 Qf7 23. Be6 Qe7 24. Qa4 1/2-1/2

[Event "DEM U10/U10w 2014"]
[Site "Magdeburg GER"]
[Date "2014.06.13"]
[Round "9"]
[White "Khanbekyan, Areg"]
[Black "Breitzmann, Sander"]
[Result "0-1"]
[Termination "normal"]
[Board "30"]
[WhiteElo "962"]
[BlackElo "1220"]
[PlyCount "42"]
[WhiteFideId "12993727"]
[BlackFideId "12987085"]
[EventCountry "GER"]
[EventRounds "11"]
[EventType "swiss"]
[EventDate "2014.06.07"]

1. e4 e5 2. Nf3 Nc6 3. d4 exd4 4. Nxd4 Bc5 5. Be3 Qf6 6. c3 Nge7 7. Bc4 O-O 8.
O-O Ne5 9. Bb3 Bb6 10. Ba4 d5 11. exd5 Nxd5 12. Nc2 c6 13. Re1 Bf5 14. Nb4 Nxe3
15. fxe3 Qg5 16. Kh1 Ng4 17. Qf3 Nxe3 18. Nd2 Bg4 19. Qe4 Rfe8 20. Qb1 Bf5 21.
Qc1 Qxg2# 0-1

[Event "DEM U10/U10w 2014"]
[Site "Magdeburg GER"]
[Date "2014.06.13"]
[Round "9"]
[White "Pflugradt, Natalie"]
[Black "Hommer, Jeremy"]
[Result "0-1"]
[Termination "normal"]
[Board "31"]
[WhiteElo "1127"]
[BlackElo "1229"]
[PlyCount "160"]
[WhiteFideId "16212444"]
[BlackFideId "12992577"]
[EventCountry "GER"]
[EventRounds "11"]
[EventType "swiss"]
[EventDate "2014.06.07"]

1. e4 c6 2. d3 d5 3. Nd2 e5 4. g3 d4 5. Bg2 Nf6 6. Ngf3 Bg4 7. O-O Nbd7 8. h3
Be6 9. b3 b5 10. Bb2 Be7 11. Qe2 O-O 12. Ng5 Nc5 13. Nxe6 Nxe6 14. f4 Nd7 15.
f5 Nec5 16. Rac1 b4 17. Rf3 a5 18. Rcf1 a4 19. bxa4 Rxa4 20. Ra1 Qa5 21. Nc4
Qa7 22. Rff1 Ra8 23. Qd1 Rxa2 24. Rxa2 Qxa2 25. Qa1 Qxa1 26. Rxa1 Rxa1+ 27.
Bxa1 Na4 28. Kf2 f6 29. Ke2 Nc3+ 30. Kd2 Bd8 31. Ke1 Bc7 32. Bb2 Nc5 33. Nd2
Kf7 34. Nf3 Ke8 35. h4 h6 36. Bh3 Ba5 37. Kf1 Nd1 38. Bc1 Nc3 39. Kg2 Nb5 40.
Nd2 Nd6 41. Kf3 Kf7 42. Ke2 Ke8 43. Nf3 Bd8 44. Bg4 Kd7 45. Bh5 Kc7 46. Bd2 b3
47. cxb3 Nxb3 48. Bb4 Be7 49. Kd1 Kb6 50. Kc2 Nc5 51. Be1 Kb5 52. Nd2 Ka4 53.
Bd1 Kb5 54. Nb1 Na6 55. Na3+ Kb6 56. Bd2 Kb7 57. Kb1 Nxe4 58. dxe4 Bxa3 59. g4
Be7 60. Kb2 Nc5 61. Bf3 Kb6 62. Kc2 Kb5 63. Be2+ Ka4 64. Bd1 Ka3 65. Bc1+ Kb4
66. Bd2+ Kc4 67. Kb2 Kd3 68. Ba5 Kxe4 69. Kc1 Kd5 70. Kb2 e4 71. Bb4 Nd3+ 72.
Kb3 Bxb4 73. Kc2 c5 74. Be2 c4 75. Kd1 Nb2+ 76. Kc1 d3 77. Bf1 d2+ 78. Kxb2
d1=Q 79. Bh3 Qb3+ 80. Ka1 Bc3# 0-1

[Event "DEM U10/U10w 2014"]
[Site "Magdeburg GER"]
[Date "2014.06.13"]
[Round "9"]
[White "Memtimin, Esma"]
[Black "Kurzweil, Nalani"]
[Result "1-0"]
[Termination "normal"]
[Board "32"]
[WhiteElo "1002"]
[BlackElo "1194"]
[PlyCount "63"]
[WhiteFideId "12993514"]
[BlackFideId "12985694"]
[EventCountry "GER"]
[EventRounds "11"]
[EventType "swiss"]
[EventDate "2014.06.07"]

1. e4 c5 2. Nc3 Nc6 3. Bb5 e5 4. Bxc6 bxc6 5. d3 d5 6. f4 f6 7. fxe5 fxe5 8.
Qh5+ g6 9. Qxe5+ Qe7 10. Qxh8 Nf6 11. Bg5 Kf7 12. Qxf6+ Qxf6 13. Bxf6 Kxf6 14.
exd5 Bd7 15. Nge2 Re8 16. O-O+ Kg7 17. Rae1 c4 18. dxc4 Bc5+ 19. Kh1 Bf5 20.
Na4 Bb6 21. Nxb6 axb6 22. Nd4 Rxe1 23. Rxe1 cxd5 24. cxd5 Kf7 25. Nxf5 gxf5 26.
d6 f4 27. d7 f3 28. gxf3 b5 29. d8=Q b4 30. Qd6 b3 31. Re7+ Kf8 32. Qd8# 1-0

[Event "DEM U10/U10w 2014"]
[Site "Magdeburg GER"]
[Date "2014.06.13"]
[Round "9"]
[White "Kalina, Lena"]
[Black "Sinnhöfer, Lilian"]
[Result "0-1"]
[Termination "normal"]
[Board "33"]
[WhiteElo "781"]
[BlackElo "1128"]
[PlyCount "104"]
[WhiteFideId "12988014"]
[BlackFideId "12977586"]
[EventCountry "GER"]
[EventRounds "11"]
[EventType "swiss"]
[EventDate "2014.06.07"]

1. e4 e5 2. Nf3 Nc6 3. Bb5 d6 4. d4 exd4 5. Nxd4 Bd7 6. Bxc6 bxc6 7. Nc3 Nf6 8.
O-O c5 9. Nf3 Be7 10. Bf4 O-O 11. Qd2 Bc6 12. Rfe1 Rb8 13. b3 Re8 14. Rad1 Nd7
15. Qe3 Qc8 16. Bg5 Bxg5 17. Nxg5 h6 18. Nf3 Nf6 19. Qf4 Qg4 20. Qf5 Qxf5 21.
exf5 Bxf3 22. gxf3 Re5 23. Rxe5 dxe5 24. Nb5 Rxb5 25. Rd8+ Kh7 26. a4 Rb6 27.
Rc8 Rc6 28. Rb8 e4 29. Kg2 exf3+ 30. Kxf3 Nd7 31. Rb7 a6 32. Ke3 Rb6 33. Rxc7
Rd6 34. Ke4 Nf6+ 35. Ke5 Rd5+ 36. Kf4 g5+ 37. Kf3 Rxf5+ 38. Ke3 Kg6 39. Ra7
Re5+ 40. Kd3 Rf5 41. Rxa6 Rxf2 42. Rc6 Rxh2 43. a5 Rh3+ 44. Kc4 g4 45. a6 g3
46. a7 Rh4+ 47. Kxc5 Rh5+ 48. Kb4 Rh4+ 49. Ka3 Kg7 50. a8=Q g2 51. Rxf6 g1=Q
52. Ra6 Qa1# 0-1

[Event "DEM U10/U10w 2014"]
[Site "Magdeburg GER"]
[Date "2014.06.13"]
[Round "9"]
[White "Pantsernaya, Sofya"]
[Black "Diderle, Konstantin"]
[Result "0-1"]
[Termination "normal"]
[Board "34"]
[WhiteElo "1320"]
[BlackElo "1103"]
[PlyCount "130"]
[WhiteFideId "12993182"]
[BlackFideId "12965197"]
[EventCountry "GER"]
[EventRounds "11"]
[EventType "swiss"]
[EventDate "2014.06.07"]

1. e4 c5 2. Nf3 e6 3. c3 Nc6 4. d4 cxd4 5. cxd4 d5 6. e5 Qb6 7. Be2 Bd7 8. O-O
Nge7 9. b3 Ng6 10. Bb2 Be7 11. Nc3 a6 12. Rc1 Rc8 13. Qd2 O-O 14. Rfd1 Qd8 15.
a3 f6 16. Qc2 fxe5 17. dxe5 Ncxe5 18. Ne1 Qb6 19. Bf3 d4 20. Na4 Rxc2 21. Nxb6
Rxb2 22. Nxd7 Nxd7 23. Rxd4 Nf6 24. Bxb7 Rxb3 25. Bxa6 Bxa3 26. Rc6 Bb4 27. Kf1
Bxe1 28. Kxe1 e5 29. Rd1 Kh8 30. Rcd6 Rbb8 31. g3 Ne4 32. R6d5 Nc3 33. R1d2
Rb1+ 34. Rd1 Rxd1+ 35. Rxd1 Nxd1 36. Kxd1 Rxf2 37. h4 e4 38. Ke1 e3 39. Bb5 Kg8
40. Bc4+ Kf8 41. h5 Ne5 42. Bb5 Kf7 43. Be2 Rxe2+ 44. Kxe2 Nc4 45. g4 Kf6 46.
Kd3 Kg5 47. h6 gxh6 48. Ke2 h5 49. gxh5 Kxh5 50. Kf3 Kg5 51. Ke2 h5 52. Kf3 h4
53. Ke2 h3 54. Kf1 e2+ 55. Kxe2 h2 56. Kd3 h1=Q 57. Kxc4 Qd1 58. Kc3 Kf4 59.
Kc4 Qd2 60. Kc5 Ke5 61. Kc6 Qd6+ 62. Kb7 Qc5 63. Kb8 Qe7 64. Kc8 Kd6 65. Kb8
Kc6 0-1

[Event "DEM U10/U10w 2014"]
[Site "Magdeburg GER"]
[Date "2014.06.13"]
[Round "9"]
[White "Fischer, Laura"]
[Black "Grünwald, Max"]
[Result "0-1"]
[Termination "normal"]
[Board "35"]
[WhiteElo "1091"]
[BlackElo "1340"]
[PlyCount "106"]
[WhiteFideId "16208935"]
[BlackFideId "12992283"]
[EventCountry "GER"]
[EventRounds "11"]
[EventType "swiss"]
[EventDate "2014.06.07"]

1. e4 d5 2. exd5 Qxd5 3. Nc3 Qa5 4. d4 Nf6 5. Bd2 Qb6 6. Nf3 Bg4 7. Bc4 Nc6 8.
Qe2 Nxd4 9. Qd3 O-O-O 10. Nxd4 Rxd4 11. Be3 Rxd3 12. Bxb6 Rxc3 13. bxc3 axb6
14. O-O e6 15. h3 Bh5 16. g4 Bg6 17. Bd3 Bxd3 18. cxd3 Ba3 19. Rab1 Rd8 20. d4
Nd5 21. Rb3 Bd6 22. Rfb1 Bf4 23. c4 Nf6 24. c5 Ne4 25. cxb6 Nd2 26. bxc7 Rxd4
27. Rxb7 Nxb1 28. Rxb1 Kxc7 29. a3 Rc4 30. Kf1 Rc1+ 31. Rxc1+ Bxc1 32. a4 Kb6
33. Ke2 Ka5 34. Kd3 Kxa4 35. Ke4 Kb4 36. f4 Kc5 37. f5 Kd6 38. h4 e5 39. g5 f6
40. gxf6 gxf6 41. h5 h6 42. Kf3 Kd5 43. Kg3 Kd4 44. Kf3 Kd3 45. Kf2 Bd2 46. Kf3
e4+ 47. Kg4 e3 48. Kf4 e2+ 49. Kf3 e1=Q 50. Kg2 Ke2 51. Kh3 Qf2 52. Kg4 Qf3+
53. Kh4 Bg5# 0-1

[Event "DEM U10/U10w 2014"]
[Site "Magdeburg GER"]
[Date "2014.06.13"]
[Round "9"]
[White "Morgenstern, Tobias"]
[Black "Pahl, Theis"]
[Result "1-0"]
[Termination "normal"]
[Board "36"]
[WhiteElo "1073"]
[BlackElo "1311"]
[PlyCount "69"]
[WhiteFideId "12974390"]
[BlackFideId "16201264"]
[EventCountry "GER"]
[EventRounds "11"]
[EventType "swiss"]
[EventDate "2014.06.07"]

1. e4 e5 2. Nf3 Nc6 3. Bc4 Nf6 4. Ng5 d5 5. exd5 Na5 6. Bb5+ c6 7. dxc6 bxc6 8.
Qf3 Bd7 9. Bd3 Bd6 10. O-O O-O 11. b3 Qe7 12. Bb2 Rfe8 13. Nc3 h6 14. Nge4 Nd5
15. Qd1 Bc7 16. a4 Rab8 17. Ba3 Qd8 18. Re1 Nb4 19. Nc5 Nxd3 20. Nxd3 Qg5 21.
Ne4 Qg6 22. Ng3 Kh7 23. Qh5 Qf6 24. Ne4 Qg6 25. Qxg6+ Kxg6 26. Nec5 Rbd8 27.
Na6 Bb8 28. Nxb8 Rxb8 29. Nxe5+ Kh7 30. Nxd7 Rxe1+ 31. Rxe1 Rd8 32. Nc5 Rxd2
33. Bb4 Rxc2 34. h3 f6 35. Re3 {Z.Ü.} 1-0

[Event "DEM U10/U10w 2014"]
[Site "Magdeburg GER"]
[Date "2014.06.13"]
[Round "9"]
[White "Diederich, Greta"]
[Black "Rößl, Adam"]
[Result "1-0"]
[Termination "normal"]
[Board "37"]
[WhiteElo "1036"]
[BlackElo "1310"]
[PlyCount "63"]
[WhiteFideId "12988618"]
[BlackFideId "16246047"]
[EventCountry "GER"]
[EventRounds "11"]
[EventType "swiss"]
[EventDate "2014.06.07"]

1. d4 d5 2. e3 Nf6 3. Bd3 c5 4. c3 Qc7 5. f4 g6 6. Nf3 Bg7 7. Nbd2 O-O 8. O-O
c4 9. Bc2 Nc6 10. Ne5 e6 11. e4 dxe4 12. Nxe4 Nxe5 13. fxe5 Nd5 14. Bd2 Bd7 15.
Qc1 Rfe8 16. Nf6+ Nxf6 17. exf6 Bh8 18. Qe1 e5 19. Qh4 Re6 20. Rf3 Qb6 21. b4
cxb3 22. Bxb3 Rxf6 23. Raf1 Rxf3 24. Rxf3 Rf8 25. Qe7 Be8 26. Bh6 Bg7 27. Bxg7
Kxg7 28. Qxe5+ Kg8 29. h4 h5 30. Rf6 Qb5 31. Rxg6+ Kh7 32. Qg7# 1-0